| 000 | 02394 a2200265 4500 | ||
|---|---|---|---|
| 003 | NALT | ||
| 005 | 20241121145152.0 | ||
| 008 | 241106b th ||||| |||| 00| 0 tha d | ||
| 020 | _a9786163886675 | ||
| 040 | _aNALT | ||
| 050 |
_aPN 4129.15 _bค336ก 2566 |
||
| 100 | 1 |
_aคาร์เนกี, เดล. _929404 |
|
| 245 | 1 | 0 |
_aการพูดในที่ชุมนุม = _bHow to develop self-confidence and influence people by public speaking / _cเดล คาร์เนกี, เขียน ; อาษา ขอจิตต์เมตต์, แปล. |
| 250 | _aพิมพ์ครั้งที่ 4. | ||
| 260 |
_aกรุงเทพฯ : _bแสงดาว, _c2566. |
||
| 300 |
_a338 หน้า : _c21 ซม. |
||
| 505 | 2 | _aสร้างความกล้าหาญ -- ความเชื่อมันในตนเองโดยอาศัยการเตรียม -- วิธีนักพูดเรืองนามปาฐกถา -- วิธีทำให้ความจำดีขึ้น -- วิธีทำให้ผู้ฟังตื่นอยู่ตลอดเวลา -- สิ่งจำเป็นเพื่อบรรลุความสำเร็จในการแสดงปาฐกถา -- เคล็ดลับของการแสดงปาฐกถาที่ดี -- ท่าทางและบุคลิกลักษณะบนเวที -- วิธีเปิดฉากปาฐกถา -- วิธีปิดฉากปาฐกถา -- วิธีทำให้ความหมายแจ่มแจ้ง -- วิธีพูดให้ประทับใจและจูงใจให้เชื่อ -- วิธีทำให้ผู้ฟังสนใจ -- วิธีทำให้ปฏิบัติตาม -- วิธีปรับปรุงถ้อยคำสำนวนให้ดีขึ้น. | |
| 650 | 4 |
_aการพูดในชุมนุมชน _915078 |
|
| 650 | 4 |
_aการพูด _914198 |
|
| 650 | 4 |
_aวาทศิลป์ _914199 |
|
| 700 | 0 |
_aอาษา ขอจิตต์เมตต์. _926511 |
|
| 942 |
_cGB _2lcc |
||
| 996 |
_ajamriang.p _bCATSTF _c2024-11-06 |
||
| 999 |
_c105915 _d105915 |
||
| 998 |
_j111 _k นางสาวพจพิณ พรมเอี่ยม |
||